Dessinez toutes les frontières européennes - Statistiques

Statistiques générales
  • Ce quiz a été pris 2 304 fois
  • Le résultat moyen est 68 sur 87
Réponses sur la Carte
Les réponses sont colorées sur une échelle allant du rouge au vert en fonction du pourcentage des utilisateurs qui les ont devinées à leur premier essai. Vous pouvez retrouver ces pourcentages ci-dessous.
 
Statistiques - réponses
Réponse % Correct
Allemagne - France
98%
Espagne - France
98%
Belgique - France
97%
France - Italie
97%
Suisse - France
97%
Espagne - Portugal
95%
France - Luxembourg
94%
Allemagne - Pologne
93%
Suisse - Italie
93%
Norvège - Suède
92%
Suisse - Allemagne
92%
Autriche - Allemagne
91%
Belgique - Allemagne
91%
Belgique - Pays-Bas
90%
Autriche - Suisse
89%
Finlande - Suède
89%
Russie - Ukraine
89%
Allemagne - Danemark
88%
Allemagne - Pays-Bas
87%
Andorre - France
87%
Autriche - Italie
87%
Biélorussie - Russie
86%
Estonie - Lettonie
86%
Estonie - Russie
86%
France - Monaco
86%
Lettonie - Russie
85%
Lituanie - Lettonie
85%
Tchéquie - Allemagne
85%
Finlande - Russie
84%
Italie - Slovénie
84%
Belgique - Luxembourg
83%
Biélorussie - Pologne
83%
Autriche - Hongrie
82%
Irlande - Royaume-Uni
82%
Andorre - Espagne
81%
Autriche - Tchéquie
81%
Suisse - Liechtenstein
81%
Tchéquie - Pologne
81%
Albanie - Grèce
80%
Bulgarie - Roumanie
80%
Croatie - Slovénie
80%
Italie - Vatican
80%
Pologne - Ukraine
80%
Biélorussie - Ukraine
79%
Lituanie - Russie
79%
Roumanie - Ukraine
79%
Bosnie-Herzégovine - Croatie
78%
Grèce - Macédoine du Nord
78%
Italie - Saint-Marin
78%
Lituanie - Pologne
78%
Pologne - Slovaquie
77%
Tchéquie - Slovaquie
77%
Autriche - Slovaquie
76%
Autriche - Slovénie
76%
Biélorussie - Lituanie
76%
Bulgarie - Grèce
76%
Allemagne - Luxembourg
75%
Croatie - Serbie
75%
Moldavie - Ukraine
75%
Biélorussie - Lettonie
74%
Bosnie-Herzégovine - Serbie
73%
Finlande - Norvège
73%
Moldavie - Roumanie
73%
Albanie - Kosovo
70%
Albanie - Monténégro
70%
Hongrie - Roumanie
70%
Hongrie - Slovaquie
70%
Pologne - Russie
70%
Albanie - Macédoine du Nord
69%
Roumanie - Serbie
69%
Bulgarie - Serbie
68%
Croatie - Hongrie
68%
Hongrie - Ukraine
68%
Serbie - Kosovo
68%
Slovaquie - Ukraine
68%
Autriche - Liechtenstein
67%
Bosnie-Herzégovine - Monténégro
67%
Hongrie - Serbie
67%
Macédoine du Nord - Kosovo
67%
Bulgarie - Macédoine du Nord
66%
Monténégro - Serbie
66%
Hongrie - Slovénie
65%
Macédoine du Nord - Serbie
65%
Monténégro - Kosovo
65%
Norvège - Russie
51%
Monténégro - Croatie
39%
Espagne - Royaume-Uni
29%
Aucun quiz correspondant
Distribution des résultats
% des personnes avec chaque résultat
Percentile par nombre de réponses
Votre historique - résultats
Vous n’avez pas pris ce quiz